000 00460nam a22001697a 4500
005 20251108164119.0
008 250721s9999 xx 000 0 ara d
082 1 4 _a218,1/محم
100 1 _aالشرقاوي، محمود
245 1 0 _aالدين و الدولة العصرية /
264 1 _aالقاهرة :
_bدار الشعب،
_c[19-].
300 _a139ص
650 1 7 _aالإسلام
650 1 7 _aالدولة
942 _2ddc
_cBK
999 _c3968
_d3968